000 00977nam0a22002531 4500
001 rc\4599768
005 20130416193526.1
035 _a(NLR Aleph) 008388072
090 _a9159881
_c9159881
100 _a20130416d1967 |||y0rusy50 ca
101 0 _arus
102 _aRU
105 _ay z |||||
200 1 _aМетодика экономической оценки применения самолетов и вертолетов на авиационно-химических работах в сельском хозяйстве
_fМ-во гражд. авиации СССР
210 _aМосква
_cБ. и.
_d1967
215 _a70 с.
_d21
300 _aНа обороте тит. л.: разработ. М.И. Славков
333 _aПродаже не подлежит
701 1 _aСлавков
_bМ. И.
_gМихаил Иванович
801 0 _aRU
_bNLR
_gpsbo
801 1 _aRU
_bELAR
_2rusmarc
852 _aNLR
_j50К/12306
942 _cBOOK
980 _aNB